[Event "Brno op 1st"]
[Site "Brno"]
[Date "2010.11.14"]
[Round "1"]
[White "Simkin, Alexander"]
[Black "Pons Carreras, David"]
[Result "0-1"]
[WhiteElo "1925"]
[BlackElo "2304"]
[PlyCount "76"]
[EventDate "2010.11.14"]
[EventType "swiss"]
[EventRounds "9"]
[EventCountry "CZE"]
[SourceTitle "EXT 2011"]
[Source "ChessBase"]
[SourceDate "2010.11.26"]
[SourceVersion "1"]
[SourceVersionDate "2010.11.26"]
[SourceQuality "1"]

1. e4 c5 2. Nf3 Nc6 3. d4 cxd4 4. Nxd4 e5 5. Nb5 d6 6. N1c3 a6 7. Na3 Be7 8. Nd5 Nf6 9. Bd3 Nxd5 10. exd5 Qa5+ 11. c3 Qxd5 12. 0-0 e4 13. Bc2 Qxd1 14. Rxd1 Bg4 15. Re1 d5 16. c4 Nd4 17. cxd5 f5 18. Bd1 Bb4 19. Rf1 Be2 20. Bxe2 Nxe2+ 21. Kh1 Bxa3 22. bxa3 Nxc1 23. Rfxc1 Kd7 24. Rab1 b5 25. a4 Rab8 26. axb5 Rxb5 27. Rxb5 axb5 28. Rb1 Rb8 29. g4 g6 30. Rb4 Kd6 31. gxf5 gxf5 32. Rd4 Rd8 33. Rd2 f4 34. Rd4 Ke5 35. Rb4 e3 36. fxe3 fxe3 37. Rxb5 e2 38. Rb1 Ke4 0-1

[Event "ESP-chT Autonomicas 5th"]
[Site "Tossa de Mar"]
[Date "2010.05.02"]
[Round "6.52"]
[White "Alvarez Fernandez, Enrique"]
[Black "Pons Carreras, David"]
[Result "1/2-1/2"]
[WhiteElo "2366"]
[BlackElo "2297"]
[PlyCount "49"]
[EventDate "2010.04.29"]
[EventType "team-swiss"]
[EventRounds "6"]
[EventCountry "ESP"]
[SourceTitle "CBM 136 Extra"]
[Source "ChessBase"]
[SourceDate "2010.07.02"]
[SourceVersion "2"]
[SourceVersionDate "2010.07.15"]
[SourceQuality "1"]
[WhiteTeam "Asturias"]
[BlackTeam "Baleares"]
[WhiteTeamCountry "ESP"]
[BlackTeamCountry "ESP"]

1. d4 e6 2. Bf4 Nf6 3. e3 c5 4. c3 Nc6 5. Nd2 d5 6. Ngf3 Bd6 7. Bg3 Qe7 8. Ne5 0-0 9. Nxc6 bxc6 10. Qa4 Bd7 11. Bxd6 Qxd6 12. Qa3 Rfb8 13. Bd3 e5 14. Nb3 e4 15. Be2 Bg4 16. Bxg4 Nxg4 17. h3 Nxe3 18. fxe3 Qg3+ 19. Kf1 c4 20. Nc5 Qxe3 21. Re1 Qd2 22. Re2 Qd1+ 23. Re1 Qd2 24. Re2 Qc1+ 25. Re1 1/2-1/2

[Event "ESP-chT Autonomicas 5th"]
[Site "Tossa de Mar"]
[Date "2010.04.29"]
[Round "1.51"]
[White "Franco Alonso, Alejandro"]
[Black "Pons Carreras, David"]
[Result "1-0"]
[WhiteElo "2472"]
[BlackElo "2297"]
[PlyCount "74"]
[EventDate "2010.04.29"]
[EventType "team-swiss"]
[EventRounds "6"]
[EventCountry "ESP"]
[SourceTitle "CBM 136 Extra"]
[Source "ChessBase"]
[SourceDate "2010.07.02"]
[SourceVersion "2"]
[SourceVersionDate "2010.07.15"]
[SourceQuality "1"]
[WhiteTeam "Euskadi"]
[BlackTeam "Baleares"]
[WhiteTeamCountry "ESP"]
[BlackTeamCountry "ESP"]

1. d4 Nf6 2. c4 e6 3. g3 d5 4. Nf3 dxc4 5. Bg2 Nc6 6. Qa4 Bb4+ 7. Bd2 Nd5 8. Bxb4 Ndxb4 9. 0-0 Rb8 10. Nc3 a6 11. Ne5 0-0 12. Nxc6 Nxc6 13. Bxc6 bxc6 14. Qxc4 Rxb2 15. Rab1 Rb6 16. Qc5 h6 17. a4 Re8 18. a5 Rxb1 19. Rxb1 Qd6 20. Rb8 Qxc5 21. dxc5 Kf8 22. Na2 Ke7 23. Nb4 Kd7 24. e4 e5 25. f3 f6 26. Kf2 Re7 27. Ke3 g5 28. Kd3 h5 29. Nc2 Re8 30. Ke3 Ke6 31. Nb4 Kd7 32. Nd3 Ke7 33. h4 gxh4 34. gxh4 Kd7 35. Nb4 Re6 36. Kf2 Re8 37. Nc2 Rg8 1-0

[Event "Catalunya-chT Honor"]
[Site "Catalunya"]
[Date "2009.03.08"]
[Round "6"]
[White "Pons Carreras, David"]
[Black "Alonso Moyano, Jonathan"]
[Result "1/2-1/2"]
[WhiteElo "2288"]
[BlackElo "2379"]
[PlyCount "71"]
[EventDate "2009.02.01"]
[EventType "team-tourn"]
[EventRounds "9"]
[EventCountry "ESP"]
[SourceTitle "EXT 2019"]
[Source "ChessBase"]
[SourceDate "2018.10.10"]
[SourceVersion "1"]
[SourceVersionDate "2018.10.10"]
[SourceQuality "1"]
[WhiteTeam "Sant Adria"]
[BlackTeam "Barbera"]
[WhiteTeamCountry "ESP"]
[BlackTeamCountry "ESP"]

1. Nf3 f5 2. c4 Nf6 3. g3 d6 4. Bg2 e5 5. d3 Be7 6. 0-0 0-0 7. Nc3 h6 8. b4 c6 9. Rb1 Qc7 10. a4 Be6 11. Ba3 Nbd7 12. b5 c5 13. Nh4 g5 14. Ng6 Rf7 15. Nd5 Bxd5 16. Nxe7+ Rxe7 17. cxd5 Kh8 18. Bb2 Rg8 19. e3 f4 20. Re1 Qd8 21. exf4 gxf4 22. Qf3 Reg7 23. Kh1 fxg3 24. fxg3 Ng4 25. Rf1 Nxh2 26. Kxh2 Rxg3 27. Qxg3 Rxg3 28. Kxg3 Qg5+ 29. Kh2 Nf6 30. Bc1 Ng4+ 31. Kg1 Qh4 32. Rf3 Qh2+ 33. Kf1 Qh4 34. Kg1 Qh2+ 35. Kf1 Qh4 36. Kg1 1/2-1/2

[Event "Catalunya-chT Honor"]
[Site "Catalunya"]
[Date "2009.02.01"]
[Round "1"]
[White "Simacek, Pavel"]
[Black "Pons Carreras, David"]
[Result "1-0"]
[WhiteElo "2493"]
[BlackElo "2288"]
[PlyCount "137"]
[EventDate "2009.02.01"]
[EventType "team-tourn"]
[EventRounds "9"]
[EventCountry "ESP"]
[SourceTitle "EXT 2019"]
[Source "ChessBase"]
[SourceDate "2018.10.10"]
[SourceVersion "1"]
[SourceVersionDate "2018.10.10"]
[SourceQuality "1"]
[WhiteTeam "Montcada"]
[BlackTeam "Sant Adria"]
[WhiteTeamCountry "ESP"]
[BlackTeamCountry "ESP"]

1. e4 e6 2. d4 d5 3. Nd2 c5 4. Ngf3 cxd4 5. exd5 Qxd5 6. Bc4 Qd6 7. 0-0 Nf6 8. Nb3 Nc6 9. Nbxd4 Nxd4 10. Nxd4 a6 11. Bb3 Qc7 12. Qf3 Bd6 13. h3 0-0 14. Bg5 b5 15. Bxf6 gxf6 16. Qxf6 Be5 17. Qh4 Bb7 18. c3 Kh8 19. Bd1 Rg8 20. Bf3 Rg7 21. Bxb7 Qxb7 22. g3 Rag8 23. Kh2 b4 24. cxb4 Qxb4 25. Nf3 Bxg3+ 26. fxg3 Qxb2+ 27. Kh1 Rxg3 28. Rg1 Rxg1+ 29. Rxg1 Rxg1+ 30. Kxg1 Qxa2 31. Qb4 Kg7 32. Qd4+ Kg8 33. Ne5 Qb1+ 34. Kh2 Qf5 35. Ng4 Kf8 36. Qb4+ Kg7 37. Qb2+ Kf8 38. Qa3+ Kg7 39. Qa1+ Kf8 40. Qxa6 h5 41. Qc8+ Kg7 42. Qc3+ f6 43. Ne3 Qf4+ 44. Kg2 Qe4+ 45. Kg1 Qf4 46. Ng2 Qe4 47. Qc7+ Kg6 48. Qg3+ Kh6 49. Kh2 e5 50. Ne3 f5 51. h4 f4 52. Qg5+ Kh7 53. Qxh5+ Kg8 54. Qg4+ Kh8 55. Qc8+ Kh7 56. Qf5+ Qxf5 57. Nxf5 Kg6 58. Nd6 Kf6 59. Kg2 Kg6 60. Kh3 Kh5 61. Ne4 Kh6 62. Kg4 Kg6 63. h5+ Kh6 64. Kh4 Kg7 65. Kg5 f3 66. h6+ Kh7 67. Kh5 Kg8 68. Kg6 Kh8 69. Ng5 1-0

[Event "Catalunya-chT Honor"]
[Site "Catalunya"]
[Date "2008.03.02"]
[Round "6"]
[White "Gonzalez Garcia, Marc"]
[Black "Pons Carreras, David"]
[Result "1/2-1/2"]
[WhiteElo "2195"]
[BlackElo "2283"]
[PlyCount "41"]
[EventDate "2008.01.27"]
[EventType "team-tourn"]
[EventRounds "9"]
[EventCountry "ESP"]
[SourceTitle "EXT 2019"]
[Source "ChessBase"]
[SourceDate "2018.10.10"]
[SourceVersion "1"]
[SourceVersionDate "2018.10.10"]
[SourceQuality "1"]

1. d4 Nf6 2. Nf3 e6 3. c3 c5 4. Bg5 d5 5. e3 Nbd7 6. Nbd2 Be7 7. Bd3 b6 8. 0-0 Bb7 9. Ne5 Nxe5 10. dxe5 Nd7 11. Bxe7 Qxe7 12. f4 0-0-0 13. Qe2 g5 14. Ba6 f6 15. Bxb7+ Kxb7 16. exf6 Qxf6 17. fxg5 Qxg5 18. Rf7 Kb8 19. Raf1 Ne5 20. Nf3 Qh5 21. Rf6 1/2-1/2